Statistiques concernant Les villes les plus étudiantes de France

Cliquez ici pour prendre le quiz!

Statistiques générales

  • Ce quiz a été pris 1 128 fois
  • Le résultat moyen est 8 sur 20

Statistiques - réponses

% d'étudiantsVille% Correct
20,84 %Lille
87%
20,74 %Rennes
86%
17,78 %Toulouse
84%
20,21 %Montpellier
75%
18,17 %Grenoble
61%
17,49 %Dijon
53%
17,63 %Angers
51%
20,94 %Nancy
51%
19,09 %Caen
48%
17,64 %Aix-en-Provence
40%
17,57 %Clermont-Ferrand
39%
25,35 %Poitiers
38%
17,69 %Besançon
29%
17,70 %Cergy
9%
16,83 %Pessac
5%
19,02 %Villeneuve-d'Ascq
5%
23,10 %Talence
4%
25,61 %Mont-Saint-Aignan
2%
23,62 %Saint-Martin-d'Hères
2%
21,30 %Vandoeuvre-lès-Nancy
1%

Distribution des résultats

Percentile par nombre de réponses

% des personnes avec chaque résultat

Votre développement - résultats

Vous n’avez pas pris ce quiz